British Birds by Letters - J and K - Statistics

General Stats
  • This quiz has been taken 9 times
  • The average score is 7 of 12
Answer Stats
Picture Hint Answer % Correct
Alcedo atthis Kingfisher
100%
Milvus milvus (Red) Kite
100%
Coloeus monedula Jackdaw
75%
Garrulus glandarius Jay
75%
Lymnocryptes minimus Jack Snipe
50%
Anarhynchus alexandrinus Kentish Plover
50%
Somateria spectabilis King Eider
50%
Rissa tridactyla Kittiwake
50%
Calidris canutus Knot
50%
Larus dominicanus Kelp Gull
25%
Charadrius vociferus Killdeer
25%
Corthylio calendula (Ruby-Crowned) Kinglet
25%
No matching quizzes found
Score Distribution
Percent of People with Each Score
Percentile by Number Answered
Your Score History
You have not taken this quiz